00709nam a2200217Ia 450000500170000000800410001702000120005804000190007004100120008908200200010110000170012124501210013826000330025930000150029250400190030770000140032685000100034094200070035099900160035795201180037320230327121634.0131103s9999 xx 000 0 und d cRs.2.00 aLoreto College aEnglish a822.91bSHA-WAR aShaw,Bernard aArms and the manb an anti - romantic comedy in three acts cBernard Sham;with an introduction and notes by A.C.Ward aBombaybOrient Longmanc1958 axx,114 p.  aIncludes notes aWard,A.C. aLCLIB cBK c4382d54861 00102ddc4070aMAINbMAINd2013-11-04l3o822.91 SHA-WAR 13967pB4250r2026-03-09s2026-02-23w2013-11-04yBKf